000 00609nam a22002177a 4500
005 20240115161713.0
008 240115b |||||||| |||| 00| 0 eng d
020 _a9788131262252
_cRs. 2495.00
040 _aMAIN
082 _a615.19
_bA54A(5)
100 _aAulton, Michael E, ed.
245 _aAulton's pharmaceutics: The design and manufacture of medicines
250 _a5th
260 _aNew York
_bElsevier
_c2018
300 _axi, 915
650 _aPharmaceutical technology
650 _aPharmaceutical chemistry
650 _aDrugs-design
700 _aTaylor, Kevin M G, ed.
942 _cBK
999 _c313573
_d313573